| Tag |
First Indicator |
Second Indicator |
Subfields |
| LEADER |
00000cgm a2200000Ia 4500 |
| 001 |
in00002392521 |
| 005 |
20151109071938.0 |
| 007 |
vd cvaiz| |
| 008 |
061019s2001 cau060 vleng d |
| 035 |
|
|
|a (OCoLC)ocm73723003
|
| 035 |
|
|
|a (OCoLC)73723003
|
| 040 |
|
|
|a NRK
|c NRK
|d NRK
|d UtOrBLW
|
| 049 |
|
|
|a TXAM
|
| 090 |
|
|
|a BF411
|b .E97 2001
|
| 245 |
0 |
0 |
|a Extraordinary visions! /
|c with Dewitt Jones.
|
| 264 |
|
0 |
|a Windsor, Calif. :
|b Dewitt Jones Productions, Inc.,
|c [2001]
|
| 264 |
|
4 |
|c ©2001
|
| 300 |
|
|
|a 1 videodisc (approximately 60 min.) :
|b sound, color ;
|c 4 3/4 in.
|
| 336 |
|
|
|a two-dimensional moving image
|b tdi
|2 rdacontent
|
| 337 |
|
|
|a video
|b v
|2 rdamedia
|
| 338 |
|
|
|a videodisc
|b vd
|2 rdacarrier
|
| 538 |
|
|
|a DVD.
|
| 520 |
|
|
|a "In his twenty year career with National Geographic, Dewitt Jones created hundreds of extraordinary visions. He discovered that the creative tools he employed as a photographer had even deeper applications when applied directly to his personal and professional growth. In Extraordinary visions! Dewitt shares his philosophy. Using his astounding photographs as illustrations, he weaves a visual tapestry of emotion and content. One that will allow you to touch your own passion to balance your head with your heart: and to come away inspired...with your own creative potential."---Container.
|
| 500 |
|
|
|a Videorecording.
|
| 650 |
|
0 |
|a Creative ability.
|
| 650 |
|
0 |
|a Motivation (Psychology)
|
| 650 |
|
0 |
|a Photography.
|
| 655 |
|
7 |
|a Documentary films.
|2 lcgft
|
| 655 |
|
7 |
|a Nonfiction films.
|2 lcgft
|
| 700 |
1 |
|
|a Jones, Dewitt.
|
| 710 |
2 |
|
|a Dewitt Jones Productions.
|
| 994 |
|
|
|a C0
|b TXA
|
| 948 |
|
|
|a cataloged
|b h
|c 2008/7/3
|d c
|e blrosas
|f 10:42:06 am
|
| 999 |
|
|
|a MARS
|
| 999 |
f |
f |
|s 5725a453-3f38-3465-a1c0-3819c7c4e6f0
|i a2a6085c-cccd-3a3d-b90a-5918bd3bff29
|t 0
|
| 952 |
f |
f |
|p ric
|a Texas A&M University
|b Rellis Campus
|c Joint Library Facility
|d Remote Storage
|t 0
|e BF411 .E97 2001
|h Library of Congress classification
|i video -- videodisc
|m A14837264153
|
| 998 |
f |
f |
|a BF411 .E97 2001
|t 0
|l Remote Storage
|